书目信息 |
| 题名: |
出版业
|
|
| 作者: | 希夫林, 著 ;白希峰 译 | |
| 分册: | ||
| 出版信息: | 北京 机械工业出版社 2005.01 |
|
| 页数: | 156页 | |
| 开本: | 21cm | |
| 丛书名: | ||
| 单 册: | ||
| 中图分类: | K837.125.42 , G239.712 | |
| 科图分类: | ||
| 主题词: | 出版工作--概况--美国 | |
| 电子资源: | ||
| ISBN: | 7-111-13011-1 | |
| 000 | 00971nam0 2200277 45 | |
| 001 | 192004003005 | |
| 005 | 20070917094711.98 | |
| 010 | @a7-111-13011-1@dCNY18.00 | |
| 100 | @a20070601d2005 ekmy0chiy0121 ea | |
| 101 | 1 | @achi@ceng |
| 102 | @aCN@b110000 | |
| 105 | @ay z 000yd | |
| 200 | 1 | @a出版业@Achu ban ye@f(美) 安德烈·希夫林著@d= The business of books@fAndre Schiffrin@g白希峰译@zeng |
| 210 | @a北京@c机械工业出版社@d2005.01 | |
| 215 | @a156页@d21cm | |
| 300 | @a并列题名:The business of books | |
| 330 | @a本书记载了二战以来美国图书出版业的起伏兴衰,及作者作为一个出版从业人员非同寻常的一生。 | |
| 510 | 1 | @aThe business of books@zeng |
| 600 | 1 | @a希夫林,@Axi fu lin,@bS.@g(Schiffrin, Andre)@x生平事迹 |
| 606 | 0 | @a出版工作@x概况@y美国 |
| 690 | @aK837.125.42@v4 | |
| 690 | @aG239.712@v4 | |
| 701 | 0 | @a希夫林,@Axi fu lin@bS.@g(Schiffrin, Andre)@4著 |
| 702 | 0 | @a白希峰@Abai xi feng@4译 |
| 801 | 0 | @aCN@c20070917 |
| 905 | @dK837.125.42@eX119 | |
| 出版业/(美) 安德烈·希夫林著= The business of books/Andre Schiffrin/白希峰译.-北京:机械工业出版社,2005.01 |
| 156页;21cm |
| 并列题名:The business of books |
| ISBN 7-111-13011-1:CNY18.00 |
| 本书记载了二战以来美国图书出版业的起伏兴衰,及作者作为一个出版从业人员非同寻常的一生。 |
| ● |
| 相关链接 |
|
|
|
正题名:出版业
索取号:K837.125.42/X119
 
预约/预借
| 序号 | 登录号 | 条形码 | 馆藏地/架位号 | 状态 | 备注 |
| 1 | 619358 | 206193581 | 社科库309/309社科库 4排3列3层/ [索取号:K837.125.42/X119] | 在馆 | |
| 2 | 619359 | 206193590 | 社科库309/309社科库 4排3列3层/ [索取号:K837.125.42/X119] | 在馆 | |
| 3 | 619360 | 206193607 | 社科库309/309社科库 4排3列3层/ [索取号:K837.125.42/X119] | 在馆 |